Coastal aquaculture; វារីវប្បកម្មតំបន់ឆ្នេ (Record no. 8911)
[ view plain ]
| 000 -LEADER | |
|---|---|
| fixed length control field | 00322nam a22001217a 4500 |
| 040 ## - CATALOGING SOURCE | |
| Transcribing agency | SK |
| 082 ## - DEWEY DECIMAL CLASSIFICATION NUMBER | |
| Classification number | 639 |
| 100 ## - MAIN ENTRY--AUTHOR NAME | |
| Personal name | គី វណ្ណារិទ្ធ |
| 245 ## - TITLE STATEMENT | |
| Title | Coastal aquaculture; វារីវប្បកម្មតំបន់ឆ្នេ |
| 260 ## - PUBLICATION, DISTRIBUTION, ETC. (IMPRINT) | |
| Place of publication | RUA |
| Name of publisher | គី |
| Year of publication | 2000 |
| 300 ## - PHYSICAL DESCRIPTION | |
| Number of Pages | 71p. |
| 942 ## - ADDED ENTRY ELEMENTS (KOHA) | |
| Koha item type | សៀវភៅភាសាខ្មែរ |
| 952 ## - LOCATION AND ITEM INFORMATION (KOHA) | |
| Withdrawn status [LOCAL, KOHA] | 0 |
| 952 ## - LOCATION AND ITEM INFORMATION (KOHA) | |
| Withdrawn status [LOCAL, KOHA] | 0 |
| 952 ## - LOCATION AND ITEM INFORMATION (KOHA) | |
| Withdrawn status [LOCAL, KOHA] | 0 |
| Permanent Location | Date acquired | Koha item type | Lost status | Shelving location | Barcode | Current Location | Full call number |
|---|---|---|---|---|---|---|---|
| Library Block C | 2016-08-19 | សៀវភៅភាសាខ្មែរ | C254 | RUA061732 | Library Block C | 639 គី 2000 C254 | |
| Library Block C | 2016-08-19 | សៀវភៅភាសាខ្មែរ | C254 | RUA061968 | Library Block C | 639 គី 2000 C254 | |
| Library Block C | 2016-09-15 | សៀវភៅភាសាខ្មែរ | C258 | RUA045254 | Library Block C | 639 គី 2000 C258 |